What If Their Names Were English? Famous People's Names by Translation - Statistics

General Stats
  • This quiz has been taken 217 times
  • The average score is 5 of 16
Answer Stats
Hint Language Celebrity % Correct
John Sebastian Stream German Johann Sebastian Bach
82%
Christian Ronald Portuguese Cristiano Ronaldo
76%
Albert Onestone German Albert Einstein
74%
Anthony Flags Spanish Antonio Banderas
62%
Charles Saint-Anna Spanish Carlos Santana
46%
Bridget Hinny French Brigitte Bardot
36%
Frank Senator Latin Frank Sinatra
35%
Mylady Frankie Italian Madonna Ciccone
24%
John Paul Tailor French Jean-Paul Sartre
23%
Beauty Perfumier Sanskrit Indira Gandhi
14%
Marcel Valiant French Marcel Proust
9%
Ocean-child Small-field Japanese Yoko Ono
7%
James Henry Dutch Jimi Hendrix
6%
John Douchebag German Johnny Depp
2%
Mary Black Irish Mariah Carey
1%
Safe Weaver Arabic Salma Hayek
1%
No matching quizzes found
Score Distribution
Percent of People with Each Score
Percentile by Number Answered
Your Score History
You have not taken this quiz